000 01446 a2200277 4500
001 47420
005 20260407155741.0
008 260407a1980 arg spa d
003 AR-UNSa-BCEJYS
040 _aAR-UNSa-BCEJYS
_bspa
_cAR-UNSa-BCEJYS
080 _a336.74
_xMoneda. Sistema monetario
245 1 0 _aLa demanda de Dinero
_pteorías y evidencia empírica
020 _a84-7162-816-3
250 _a2a. ed.
264 1 _aBarcelona :
_bAntoni Bosch
_c1980
300 _a192 p.
_c22 cm.
505 _aParte I : LA DEMANDA DE DINERO EN UN MARCO MICROECONÓMICO : 1. Un modelo macroeconómico sencillo - 2. Efectos de formulaciones alternativas de la función de demanda de dinero -- Parte II : TEORÍA DE LA DEMANDA DE DINERO : 3. Breve visión general - 4. Los clásicos, Keynes y la teoría cuantitativa moderna - 5. Aportaciones recientes al enfoque keynesiano de la teoría de la demanda -- Parte III : LA EVIDENCIA EMPÍRICA : 6. Los problemas del análisis empírico : Los datos y el problema de la identificación - 7. Evidencia empírica acerca de la demanda de dinero - 8. Conclusiones provisionales.
041 _aspa
942 _cBK
590 _aniveau_biblio:m niveau_hierar:0
100 1 _aLaidler, David E.W.
700 1 _aAguiló, Eugeni
700 1 _aBlanchar, Elena
700 1 _aFina Sanglás, Lluis
856 4 1 _uhttps://www.biblioeco.unsa.edu.ar/pmb/images/libros/L127502.jpg
_yImagen de portada
_qimage/jpeg
999 _c4359
_d4359